Dead Languages Quiz - Statistics

General Stats
  • This quiz has been taken 40 times
  • The average score is 6 of 20
Answer Stats
Hint Answer % Correct
100 BCE - 400 CE Latin
97%
1200 BCE - 600 CE Aramaic
63%
3000 BCE - 2000 BCE Sumerian
50%
900 BCE - 600 CE Ancient Greek
40%
250 CE - 900 CE Maya
37%
1200 BCE - 300 BCE Phoenician
37%
500 CE - 1200 CE Old English
33%
2500 BCE - 500 BCE Akkadian
30%
1600 BCE - 1200 BCE Hittite
30%
3000 BCE - 400 CE Ancient Egyptian
27%
900 BCE - 100 BCE Etruscan
27%
200 CE - 1700 CE Coptic
23%
900 CE - 1300 CE Old Norse
20%
500 BCE - 500 CE Gaulish
17%
100 CE - 900 CE Tocharian
13%
1000 BCE - 200 CE Ancient Hebrew
10%
100 BCE - 500 CE Pali
10%
1200 CE - 1500 CE Middle English
3%
500 CE - 1050 CE Old High German
3%
600 CE - 1000 CE Old Irish
3%
No matching quizzes found
Score Distribution
Percent of People with Each Score
Percentile by Number Answered
Your Score History
You have not taken this quiz